Kapitoly z hospodárskej sociológie
Saved in:
| Main Author: | |
|---|---|
| Format: | Book |
| Language: | Slovak |
| Published: |
Bratislava
Vydavateľstvo Ekonóm
1995
|
| Subjects: | |
| Tags: |
No Tags, Be the first to tag this record!
|
MARC
| LEADER | 00000nam a2200000 4500 | ||
|---|---|---|---|
| 001 | c010939 | ||
| 005 | 20221214071226.4 | ||
| 020 | |a 80-225-0683-4 | ||
| 041 | 0 | |a slo | |
| 044 | |a SK | ||
| 245 | 1 | 0 | |a Kapitoly z hospodárskej sociológie |c Jozef Košta |
| 264 | 1 | |a Bratislava |b Vydavateľstvo Ekonóm |c 1995 | |
| 300 | |a 72 s. | ||
| 610 | 2 | 0 | |a sociológia |
| 610 | 2 | 0 | |a ekonómia |
| 610 | 2 | 0 | |a sociológia práce |
| 610 | 2 | 0 | |a sociológia priemyselná |
| 610 | 2 | 0 | |a sociológia organizácie |
| 610 | 2 | 0 | |a systémy ekonomické |
| 610 | 2 | 0 | |a práca |
| 610 | 2 | 0 | |a trh |
| 610 | 2 | 0 | |a organizácie |
| 610 | 2 | 0 | |a nezamestnanosť |
| 100 | 1 | |a Košta, Jozef | |